000 00477nam a2200181Ia 4500
005 20250326141435.0
008 250326s9999 xx 000 0 und d
037 _aTextbook
040 _aFMSL
_beng
_cFMSL
041 _aeng
_2eng
084 _qFMSL
100 _aDatta AK
_9744460
245 0 _aMaterials Management and Inventory control
_cDatta AK
260 _aBombay
_bBombay, Jaico Pub. House
_c1988
300 _a273p
942 _cTB
999 _c1290327
_d1290327